00616 a2200181 450000100060000002000150000604000240002110000210004524000470006624500420011330000070015536200090016265000310017194200070020295201040020995201040031399900170041769357 a8572084428 cAnchieta - Itaigara aSypriano, Lilian10aDona Neném, fofoqueira como ninguemlpor10aDona Neném, fofoqueira como ninguem a310 a2006 4aLiteratura infanto-juvenil cBK 00104070a88.1b88.1d2023-11-21l0o028.5 SYP DONp1579/ITAr2023-11-21 20:03:52w2023-11-21yBK 00104070a88.1b88.1d2023-11-21l0o028.5 SYP DONp1580/ITAr2023-11-21 20:03:52w2023-11-21yBK c69357d69357